000 00944nam a2200265 u 4500
001 000004499
005 20250725140219.0
008 090723s2001 dr a 001 0 spa d
040 _aDO-SdBNP
_bspa
_cBNPHU
082 _a113
_bE42p, 2001
100 0 _a[Elías]
_91847
245 1 3 _aLa posición de la aguja en el reloj profético :
_bel imperio mundial de la profecía /
_cElías ; prólogo Gaetano Herrera.
250 _a2a. ed.
260 _aSanto Domingo :
_bSolar,
_c2001.
300 _a252 p. :
_bil. ;
_c23 cm.
490 1 _aLa voz del séptimo ángel
590 _aLa biblioteca posee 1 ejemplar autografiado por el autor
590 _aInventariado, 2018/LP
650 0 _a Cosmología
_91848
650 4 _aFilosofía de la naturaleza
_91849
650 4 _aSimbolismo en la biblia
_91850
700 1 _aHerrera P., Gaetano,
_eprólogo
_91851
830 0 _aLa voz del séptimo ángel
_91852
910 _aValidado. Control de calidad EMS
999 _c4308
_d4308